[Event "CHI-ch U20"]
[Site "Quirihue"]
[Date "2022.01.19"]
[Round "4"]
[White "Palma Munoz, Oscar"]
[Black "Caceres Salas, Elias"]
[Result "0-1"]
[WhiteElo "1587"]
[BlackElo "1757"]
[PlyCount "50"]
[EventDate "2022.01.17"]
[EventType "swiss"]
[EventRounds "9"]
[EventCountry "CHI"]
[SourceTitle "CBM 206 Extra"]
[Source "ChessBase"]
[SourceDate "2022.03.31"]
[SourceVersion "1"]
[SourceVersionDate "2022.03.31"]
[SourceQuality "1"]

1. d4 Nf6 2. c4 g6 3. Nc3 Bg7 4. e4 d6 5. Nf3 0-0 6. Be2 e5 7. 0-0 Nc6 8. d5 Ne7 9. b4 Nd7 10. a4 f5 11. Nd2 a5 12. Ba3 Rf7 13. bxa5 Nf6 14. f3 Bh6 15. Nb3 Be3+ 16. Kh1 Nh5 17. Qd3 f4 18. c5 Nf5 19. g4 fxg3 20. Rg1 Qh4 21. Rg2 Nf4 22. Qxe3 Nxe3 23. Rxg3 Nc2 24. Ra2 Nxa3 25. Rxa3 Nxe2 0-1

[Event "Valdivia op 2nd"]
[Site "Valdivia"]
[Date "2021.09.17"]
[Round "1"]
[White "Caceres Salas, Elias"]
[Black "Fica Cruz, Joaquin"]
[Result "0-1"]
[WhiteElo "1496"]
[BlackElo "1949"]
[PlyCount "66"]
[EventDate "2021.09.16"]
[EventType "swiss"]
[EventRounds "6"]
[EventCountry "CHI"]
[SourceTitle "CBM 204 Extra"]
[Source "ChessBase"]
[SourceDate "2021.11.30"]
[SourceVersion "1"]
[SourceVersionDate "2021.11.30"]
[SourceQuality "1"]

1. d4 e6 2. c4 Nf6 3. Nf3 b6 4. Nbd2 Bb7 5. e3 Bb4 6. Bd3 c5 7. a3 Bxd2+ 8. Bxd2 d6 9. Bc3 Nbd7 10. Qe2 Qe7 11. 0-0-0 cxd4 12. exd4 Rc8 13. Kb1 a5 14. Rhe1 d5 15. cxd5 Bxd5 16. Rc1 0-0 17. Bd2 Qd6 18. Ne5 Bxg2 19. Rg1 Bb7 20. Bh6 Rxc1+ 21. Kxc1 Rc8+ 22. Kb1 g6 23. Nxd7 Nxd7 24. h4 Qxd4 25. h5 Ne5 26. Bc2 Rxc2 27. Kxc2 Be4+ 28. Kc1 Qc5+ 29. Kd2 Qc2+ 30. Ke1 Nf3+ 31. Kf1 Qb1+ 32. Kg2 Qxg1+ 33. Kh3 Bf5# 0-1